LEADER 01544nam 2200337Ia 450 001 996389778903316 005 20221108012106.0 035 $a(CKB)4940000000095521 035 $a(EEBO)2248548928 035 $a(OCoLC)80925039 035 $a(EXLCZ)994940000000095521 100 $a20070131d1667 uy 0 101 0 $aeng 135 $aurbn||||a|bb| 200 10$aGod's terrible voice in the city$b[electronic resource] $eWherein you have I. The sound of the voice in the narration of the two late dreadful judgements of plague and fire, inflicted by the Lord upon the city of London, the former in the year 1665. The latter in the year 1666. II. The interpretation of the voice, in a discovery, 1. Of the cause of these judgments, where you have a catalogue of London's sins. 2. Of the design of these judgments, where you have an enumeration of the duties God calls for by this terrible voice. /$fby T.V 210 $a[London? $cs.n.]$dprinted in the year 1667 215 $a[4], 204 p 300 $aReproduction of original in the National Library of Wales. 330 $aeebo-0098 606 $aPlague$zEngland$zLondon$vEarly works to 1800 606 $aFires$zEngland$zLondon$vEarly works to 1800 607 $aLondon (England)$xHistory$y17th century$vEarly works to 1800 615 0$aPlague 615 0$aFires 700 $aVincent$b Thomas$f1634-1678.$01001065 801 0$bUMI 801 1$bUMI 906 $aBOOK 912 $a996389778903316 996 $aGods terrible voice in the city$92315935 997 $aUNISA LEADER 01191nas 2200433 c 450 001 9910892408703321 005 20260127110430.0 011 $a2956-7610 035 $a(DE-599)ZDB3171488-2 035 $a(OCoLC)1411712002 035 $a(DE-101)130912406X 035 $a(CKB)5600000000698588 035 $a(DE-599)3171488-2 035 $a(EXLCZ)995600000000698588 100 $a20231108a20239999 |y | 101 0 $apol 135 $aur||||||||||| 181 $ctxt$2rdacontent 182 $cc$2rdamedia 183 $acr$2rdacarrier 200 00$aPrawo i bezpieczen?stwo$e= Law & security 210 31$aStarogard Gdan?ski$cPomorska Szko?a Wyz?sza$d31 lipca 2023- 210 31$aWroc?aw$cWyz?sza Szko?a Kszta?cenia Zawodowego$d31 lipca 2023- 215 $aOnline-Ressource 311 08$a2956-7440 517 1 $aLaw & security 517 3 $aLaw and security 608 $aZeitschrift$2gnd-content 676 $a340 676 $a330 676 $a320 686 $aOST$qDE-12$2fid 801 0$b0012 801 1$bDE-101 801 2$b9999 906 $aJOURNAL 912 $a9910892408703321 996 $aPrawo i bezpieczen?stwo$94439239 997 $aUNINA